00618nam a2200205 a 4500001001300000003000900013005001700022008004100039020002300080082001800103100002400121245003800145260004900183300000900232500003500241505007000276650001700346650002500363700002400388nice12345678IN_TiNIC20260116012743.0050524s1993 alba grp 000 0 eng  a0791443 c79800a297.4092bABU aAbu-Rabi, Ibrahim M aMystical Teachings of Al-Shadhili aAlbany bState University of New York c1993 a274p aincludes index and biblioraphy2 aBiblio, Index/ Vol.2, the Word and the Law and the People of God. aSufism-Egypt aShadhiliah-Biography1 aAbu-Rabi, Ibrahim M